The efeects of technological development s on international trade : The case of the U. S. and japanese steel industries

Salvato in:
Dettagli Bibliografici
Autore principale: Kay, Keun-Hyun Lee
Natura: Libro
Lingua:Undetermined
Pubblicazione: New York University Microfilms International 1979
Soggetti:
Tags: Aggiungi Tag
Nessun Tag, puoi essere il primo ad aggiungerne! !
Thư viện lưu trữ: Trung tâm Học liệu Trường Đại học Cần Thơ
LEADER 00649nam a2200205Ia 4500
001 CTU_99768
008 210402s9999 xx 000 0 und d
082 |a 669.142 
082 |b L477 
100 |a Kay, Keun-Hyun Lee 
245 4 |a The efeects of technological development s on international trade : 
245 4 |b The case of the U. S. and japanese steel industries 
245 0 |c Kay Keun-Hyun Lee 
260 |a New York 
260 |b University Microfilms International 
260 |c 1979 
650 |a Steel industry trade 
650 |x Technonolgical development 
904 |i Truc 
980 |a Trung tâm Học liệu Trường Đại học Cần Thơ